书目信息 |
| 题名: |
火灾风险评估方法学
|
|
| 作者: | 范维澄 , 孙金华 , 陆守香 著 | |
| 分册: | ||
| 出版信息: | 北京 科学出版社 2004.6 |
|
| 页数: | 543页 | |
| 开本: | 27cm | |
| 丛书名: | ||
| 单 册: | ||
| 中图分类: | X928.7 | |
| 科图分类: | ||
| 主题词: | 火灾--风险分析 , 火灾 , 风险分析 | |
| 电子资源: | ||
| ISBN: | 7-03-013367-6 | |
| 000 | 00756nam0 2200265 45 | |
| 001 | 012004000000 | |
| 005 | 20050104101708.84 | |
| 010 | @a7-03-013367-6@dCNY 80.00 | |
| 100 | @a20041110d2004 em y0chiy0121 ea | |
| 101 | 0 | @achi |
| 102 | @aCN@b110000 | |
| 105 | @aak z 000yy | |
| 200 | 1 | @a火灾风险评估方法学@Ahuo zai feng xian ping gu fang fa xue@f范维澄, 孙金华, 陆守香著 |
| 210 | @a北京@c科学出版社@d2004.6 | |
| 215 | @a543页@c图, 表格@d27cm | |
| 320 | @a本书含附录 | |
| 606 | 0 | @a火灾@x风险分析 |
| 606 | 0 | @a火灾 |
| 606 | 0 | @a风险分析 |
| 690 | @aX928.7@v4 | |
| 701 | 0 | @a范维澄@Afan wei cheng@4著 |
| 701 | 0 | @a孙金华@Asun jin hua@4著 |
| 701 | 0 | @a陆守香@Alu shou xiang@4著 |
| 801 | 0 | @aCN@bQSSK@c20050104 |
| 905 | @a10447@dX928.7@eF140 | |
| 火灾风险评估方法学/范维澄, 孙金华, 陆守香著.-北京:科学出版社,2004.6 |
| 543页:图, 表格;27cm |
| ISBN 7-03-013367-6:CNY 80.00 |
| ● |
| 相关链接 |
|
|
|
正题名:火灾风险评估方法学
索取号:X928.7/F140
 
预约/预借
| 序号 | 登录号 | 条形码 | 馆藏地/架位号 | 状态 | 备注 |
| 1 | 434031 | 204340310 | 自科库501/501自科库 121排1列1层/ [索取号:X928.7/F140] | 在馆 | |
| 2 | 434032 | 204340329 | 自科二线504/504自科库 8排4列2层/ [索取号:X928.7/F140] | 在馆 | |
| 3 | 434033 | 204340338 | 自科二线504/504自科库 8排4列2层/ [索取号:X928.7/F140] | 在馆 |